zpět

Detail výsledku týmu

Le fakap - Vypich, Praha

Datum a čas kvízu

20.5 Celkem bodů Celkový počet nahraných bodů na tomto kvízu bez doplňovacích otázek.
6. Pořadí na kvízu Konečné umístění týmu na tomto kvízu.

Zaznamenané odpovědi

# Otázka Odpověď Body Výsledky
1. Poslanci jedné parlamentní str... 0
2. Německá kancléřka Angela Merke... 1
3. Americká filmová akademie minu... 0
4. Andrej Babiš se na zasedání Sv... 0
5. Útočník Komety Martin Erat vst... 0
21. Nejdelší had na světě chovaný... 0
22. Přiřaďte k sobě rodová a druho... 0
23. Několik druhů chameleonů (např... 0
24. Jak se nazývá tento živočich?... 1
25. Napište jméno herce s tureckým... 0